| 000 | 01780nam0a2200337 4500 | ||
|---|---|---|---|
| 001 | RU\NLR\bibl\1130239 | ||
| 005 | 20260408194425.0 | ||
| 010 |
_a978-5-7609-0361-7 _9150 |
||
| 021 |
_aRU _b2007-52848 _92802 |
||
| 035 | _a(NLR Aleph) 001117159 | ||
| 090 |
_a1274974 _c1274974 |
||
| 100 | _a20070919d2007 u y0rusy50 ca | ||
| 101 | 0 | _arus | |
| 102 | _aRU | ||
| 105 | _ay ||||||||| | ||
| 200 | 1 |
_aПолитический экстремизм молодежи в современной России _eсоциально-философский анализ _eучебное пособие _fН.Б. Бааль _gФедер. агентство по образованию, Гос. образоват. учреждение высш. проф. образования "Твер. гос. ун-т" |
|
| 210 |
_aТверь _cТверской государственный университет _d2007 |
||
| 215 |
_a187 с. _d20 |
||
| 320 | _aБиблиогр.: с. 182-187 (127 назв.) и в подстроч. примеч. | ||
| 606 | 1 |
_aМолодежь _jУчебные издания для высших учебных заведений _xОтклоняющееся поведение _xСоциально-психологические исследования _92472602 _3RU\NLR\auth\661468392 |
|
| 606 |
_aЭкстремизм (полит.) _jУчебные издания для высших учебных заведений _3RU\NLR\auth\661363310 _92274848 |
||
| 686 | _aФ011.42я73 | ||
| 686 | _aС550.73я73 | ||
| 686 | _aС550.325.1я73 | ||
| 700 | 1 |
_aБааль _bН. Б _gНаталья Борисовна _4070 |
|
| 801 | 0 |
_aRU _bNLR _c20070919 _gRCR |
|
| 801 | 1 |
_aRU _bNLR _c20070919 |
|
| 830 | _aавт. по кн. | ||
| 942 | _cBOOK | ||
| 980 | _aNB | ||